随机20个区划代码对应的地级行政区 Random district codes to prefecture-level regions - Statistics

General Stats
  • This quiz has been taken 9 times
  • The average score is 12 of 20
Answer Stats
区划代码 行政区名称 % Correct
1303 秦皇岛市
100%
1304 邯郸市
100%
1306 保定市
100%
1311 衡水市
100%
1401 太原市
100%
1501 呼和浩特市
100%
1502 包头市
100%
1503 乌海市
100%
2103 鞍山市
100%
2108 营口市
100%
2202 吉林市
100%
2305 双鸭山市
100%
2308 佳木斯市
100%
2310 牡丹江市
100%
3209 盐城市
100%
3210 扬州市
100%
3211 镇江市
100%
3302 宁波市
100%
3305 湖州市
100%
3307 金华市
100%
3308 衢州市
100%
3311 丽水市
100%
3506 漳州市
100%
3702 青岛市
100%
3717 菏泽市
100%
4101 郑州市
100%
4105 安阳市
100%
4202 黄石市
100%
4203 十堰市
100%
4205 宜昌市
100%
4228 恩施土家族苗族自治州
100%
4304 衡阳市
100%
4305 邵阳市
100%
4308 张家界市
100%
4402 韶关市
100%
4405 汕头市
100%
4406 佛山市
100%
4504 梧州市
100%
5104 攀枝花市
100%
5109 遂宁市
100%
5116 广安市
100%
5118 雅安市
100%
5120 资阳市
100%
5206 铜仁市
100%
5301 昆明市
100%
5303 曲靖市
100%
5305 保山市
100%
6101 西安市
100%
6108 榆林市
100%
6201 兰州市
100%
6301 西宁市
100%
6401 银川市
100%
2102 大连市
50%
2104 抚顺市
50%
4409 茂名市
50%
5105 泸州市
50%
5113 南充市
50%
6404 固原市
50%
1301 石家庄市
0%
1302 唐山市
0%
1305 邢台市
0%
1307 张家口市
0%
1308 承德市
0%
1309 沧州市
0%
1310 廊坊市
0%
1402 大同市
0%
1403 阳泉市
0%
1404 长治市
0%
1405 晋城市
0%
1406 朔州市
0%
1407 晋中市
0%
1408 运城市
0%
1409 忻州市
0%
1410 临汾市
0%
1411 吕梁市
0%
1504 赤峰市
0%
1505 通辽市
0%
1506 鄂尔多斯市
0%
1507 呼伦贝尔市
0%
1508 巴彦淖尔市
0%
1509 乌兰察布市
0%
1522 兴安盟
0%
1525 锡林郭勒盟
0%
1529 阿拉善盟
0%
2101 沈阳市
0%
2105 本溪市
0%
2106 丹东市
0%
2107 锦州市
0%
2109 阜新市
0%
2110 辽阳市
0%
2111 盘锦市
0%
2112 铁岭市
0%
2113 朝阳市
0%
2114 葫芦岛市
0%
2201 长春市
0%
2203 四平市
0%
2204 辽源市
0%
2205 通化市
0%
2206 白山市
0%
2207 松原市
0%
2208 白城市
0%
2224 延边朝鲜族自治州
0%
2301 哈尔滨市
0%
2302 齐齐哈尔市
0%
2303 鸡西市
0%
2304 鹤岗市
0%
2306 大庆市
0%
2307 伊春市
0%
2309 七台河市
0%
2311 黑河市
0%
2312 绥化市
0%
2327 大兴安岭地区
0%
3201 南京市
0%
3202 无锡市
0%
3203 徐州市
0%
3204 常州市
0%
3205 苏州市
0%
3206 南通市
0%
3207 连云港市
0%
3208 淮安市
0%
3212 泰州市
0%
3213 宿迁市
0%
3301 杭州市
0%
3303 温州市
0%
3304 嘉兴市
0%
3306 绍兴市
0%
3309 舟山市
0%
3310 台州市
0%
3401 合肥市
0%
3402 芜湖市
0%
3403 蚌埠市
0%
3404 淮南市
0%
3405 马鞍山市
0%
3406 淮北市
0%
3407 铜陵市
0%
3408 安庆市
0%
3410 黄山市
0%
3411 滁州市
0%
3412 阜阳市
0%
3413 宿州市
0%
3415 六安市
0%
3416 亳州市
0%
3417 池州市
0%
3418 宣城市
0%
3501 福州市
0%
3502 厦门市
0%
3503 莆田市
0%
3504 三明市
0%
3505 泉州市
0%
3507 南平市
0%
3508 龙岩市
0%
3509 宁德市
0%
3601 南昌市
0%
3602 景德镇市
0%
3603 萍乡市
0%
3604 九江市
0%
3605 新余市
0%
3606 鹰潭市
0%
3607 赣州市
0%
3608 吉安市
0%
3609 宜春市
0%
3610 抚州市
0%
3611 上饶市
0%
3701 济南市
0%
3703 淄博市
0%
3704 枣庄市
0%
3705 东营市
0%
3706 烟台市
0%
3707 潍坊市
0%
3708 济宁市
0%
3709 泰安市
0%
3710 威海市
0%
3711 日照市
0%
3713 临沂市
0%
3714 德州市
0%
3715 聊城市
0%
3716 滨州市
0%
4102 开封市
0%
4103 洛阳市
0%
4104 平顶山市
0%
4106 鹤壁市
0%
4107 新乡市
0%
4108 焦作市
0%
4109 濮阳市
0%
4110 许昌市
0%
4111 漯河市
0%
4112 三门峡市
0%
4113 南阳市
0%
4114 商丘市
0%
4115 信阳市
0%
4116 周口市
0%
4117 驻马店市
0%
4201 武汉市
0%
4206 襄阳市
0%
4207 鄂州市
0%
4208 荆门市
0%
4209 孝感市
0%
4210 荆州市
0%
4211 黄冈市
0%
4212 咸宁市
0%
4213 随州市
0%
4301 长沙市
0%
4302 株洲市
0%
4303 湘潭市
0%
4306 岳阳市
0%
4307 常德市
0%
4309 益阳市
0%
4310 郴州市
0%
4311 永州市
0%
4312 怀化市
0%
4313 娄底市
0%
4331 湘西土家族苗族自治州
0%
4401 广州市
0%
4403 深圳市
0%
4404 珠海市
0%
4407 江门市
0%
4408 湛江市
0%
4412 肇庆市
0%
4413 惠州市
0%
4414 梅州市
0%
4415 汕尾市
0%
4416 河源市
0%
4417 阳江市
0%
4418 清远市
0%
4419 东莞市
0%
4420 中山市
0%
4451 潮州市
0%
4452 揭阳市
0%
4453 云浮市
0%
4501 南宁市
0%
4502 柳州市
0%
4503 桂林市
0%
4505 北海市
0%
4506 防城港市
0%
4507 钦州市
0%
4508 贵港市
0%
4509 玉林市
0%
4510 百色市
0%
4511 贺州市
0%
4512 河池市
0%
4513 来宾市
0%
4514 崇左市
0%
4601 海口市
0%
4602 三亚市
0%
4603 三沙市
0%
4604 儋州市
0%
5101 成都市
0%
5102 自贡市
0%
5106 德阳市
0%
5107 绵阳市
0%
5108 广元市
0%
5110 内江市
0%
5111 乐山市
0%
5114 眉山市
0%
5115 宜宾市
0%
5117 达州市
0%
5119 巴中市
0%
5132 阿坝藏族羌族自治州
0%
5133 甘孜藏族自治州
0%
5134 凉山彝族自治州
0%
5201 贵阳市
0%
5202 六盘水市
0%
5203 遵义市
0%
5204 安顺市
0%
5205 毕节市
0%
5223 黔西南布依族苗族自治州
0%
5226 黔东南苗族侗族自治州
0%
5227 黔南布依族苗族自治州
0%
5304 玉溪市
0%
5306 昭通市
0%
5307 丽江市
0%
5308 普洱市
0%
5309 临沧市
0%
5323 楚雄彝族自治州
0%
5325 红河哈尼族彝族自治州
0%
5326 文山壮族苗族自治州
0%
5328 西双版纳傣族自治州
0%
5329 大理白族自治州
0%
5331 德宏傣族景颇族自治州
0%
5333 怒江傈僳族自治州
0%
5334 迪庆藏族自治州
0%
5401 拉萨市
0%
5402 日喀则市
0%
5403 昌都市
0%
5404 林芝市
0%
5405 山南市
0%
5406 那曲市
0%
5425 阿里地区
0%
6102 铜川市
0%
6103 宝鸡市
0%
6104 咸阳市
0%
6105 渭南市
0%
6106 延安市
0%
6107 汉中市
0%
6109 安康市
0%
6110 商洛市
0%
6202 嘉峪关市
0%
6203 金昌市
0%
6204 白银市
0%
6205 天水市
0%
6206 武威市
0%
6207 张掖市
0%
6208 平凉市
0%
6209 酒泉市
0%
6210 庆阳市
0%
6211 定西市
0%
6212 陇南市
0%
6229 临夏回族自治州
0%
6230 甘南藏族自治州
0%
6302 海东市
0%
6322 海北藏族自治州
0%
6323 黄南藏族自治州
0%
6325 海南藏族自治州
0%
6326 果洛藏族自治州
0%
6327 玉树藏族自治州
0%
6328 海西蒙古族藏族自治州
0%
6402 石嘴山市
0%
6403 吴忠市
0%
6405 中卫市
0%
6501 乌鲁木齐市
0%
6502 克拉玛依市
0%
6504 吐鲁番市
0%
6505 哈密市
0%
6523 昌吉回族自治州
0%
6527 博尔塔拉蒙古自治州
0%
6528 巴音郭楞蒙古自治州
0%
6529 阿克苏地区
0%
6530 克孜勒苏柯尔克孜自治州
0%
6531 喀什地区
0%
6532 和田地区
0%
6540 伊犁哈萨克自治州
0%
6542 塔城地区
0%
6543 阿勒泰地区
0%
No matching quizzes found
Score Distribution
Percent of People with Each Score
Percentile by Number Answered
Your Score History
You have not taken this quiz